000 00835nam a2200229 i 4500
001 105710
003 ES-MaACL
005 20250709211750.0
007 t|
008 060809e1964 fr |||| | fre d
080 _a821.134.2-4"19"
100 1 _aPemán, José María,
_d1897-1981
_eaut
_990130
245 1 0 _aMéditation espagnole /
_cJosé-María Pemán ; traduction de Adolphe de Falgairolle.
260 _aParis :
_bLa Table Ronde,
_c[1964]
300 _a384 páginas ;
_c20 cm.
700 1 _aFalgairolle, Adolphe.
_etrl
_948734
852 _aES-MaACL
_cDEPO2
_jAND-526
_zBiblioteca Juan Andrade
_zDedicatoria autógrafa del autor
_9109695
852 _aES-MaACL
_cDEPO2
_jE-8913/Ej.1
_bR.93430
_9122716
903 _aAndrade, Juan,
_d1897-1981
_ednr
_921511
_q1
942 _2udc
_cMONOGRAFIA
_n0
999 _c105710
_d105710